[Event "Lozovatsky Memorial-B 2019"]
[Site "Chelyabinsk"]
[Date "2019.01.12"]
[Round "1.6"]
[White "Dauletova, Gulmira"]
[Black "Tologontegin, Semetey"]
[Result "1/2-1/2"]
[WhiteElo "2240"]
[BlackElo "2385"]
[Annotator "TA"]
[PlyCount "142"]
[EventDate "2019.01.12"]
[EventType "tourn"]
[EventCountry "RUS"]
[SourceTitle "playchess.com"]
[Source "ChessBase"]
[SourceQuality "1"]

{[%evp 29,142,43,62,39,66,52,53,51,65,56,102,63,58,44,59,54,53,56,75,67,62,72,81,63,93,56,100,77,70,58,65,18,18,25,10,10,33,0,13,9,9,11,18,9,16,16,28,59,89,0,116,39,102,-14,0,-37,0,0,0,-17,0,-2,53,15,31,17,22,21,39,8,8,8,8,8,8,8,8,8,8,8,8,8,8,8,8,8,8,8,8,8,8,8,8,8,8,8,8,0,8,8,8,0,8,8,8,8,8,8,8,8,8,8,8,8,8]} 1. e4 c5 2. Nf3 e6 3. d4 cxd4 4. Nxd4 a6 5. c4 Nf6 6. Nc3 Qc7 7. a3 b6 8. Be3 Bb7 9. f3 d6 10. Be2 Be7 11. O-O O-O {B41: Sicilian: Kan Variation: 5 c4} 12. Rc1 Nbd7 13. Qd2 Rfc8 14. b4 Rab8 15. Rfd1 Qd8 {LiveBook: 8 Games} 16. Bf1 Qf8 $146 ({Predecessor:} 16... Qe8 17. h3 Bd8 18. Bf2 Ne5 19. Nb3 {1-0 (86) Oleksienko,M (2608)-Ponizil,C (2497) Czech Republic 2017}) 17. h3 Bd8 18. Nb3 Bc7 19. Qf2 Rd8 20. Kh1 h6 21. Bf4 Qe7 22. Bh2 Ba8 23. Qe3 Bb7 24. f4 Kh8 25. Be2 Rbc8 26. Bf3 {Strongly threatening e5.} Nh7 27. Nd4 Bb8 28. Qe2 Nhf8 29. e5 Bxf3 30. Nxf3 dxe5 31. fxe5 Ng6 32. Rd4 Ndf8 33. Rcd1 Rxd4 34. Rxd4 a5 35. Nb5 $36 {[%mdl 2048] White has good play.} axb4 36. Nd6 Bxd6 $1 37. exd6 Qd7 38. axb4 f6 39. Qd3 ({White should play} 39. Qe4 $16) 39... Qc6 (39... e5 $11 40. Rd5 Qe6) 40. Nd2 (40. c5 $16) 40... Rd8 (40... Qd7 $14) 41. h4 ({White should try} 41. Qe4 $16 Qa4 42. Qb1) 41... Ne5 42. Qa3 Nf7 ({Don't go for} 42... Rxd6 $2 43. b5 $18) 43. c5 e5 44. Rc4 bxc5 45. bxc5 Ne6 (45... Qd5 $11 46. Qa2 Ne6) 46. Qf3 Rc8 47. Bg1 Qxf3 48. gxf3 Kg8 49. Ra4 Nxc5 {The position is equal.} 50. Rc4 Nxd6 51. Rxc5 Rxc5 52. Bxc5 Nf5 53. Bf2 g5 54. Ne4 Kf7 55. hxg5 hxg5 56. Kg2 Kg6 57. Bb6 Nh4+ 58. Kg3 Nf5+ 59. Kf2 Ne7 60. Bd8 Nd5 61. Kg3 Kf5 62. Nd6+ Ke6 63. Ne4 Kf5 64. Nf2 Nb4 65. Ne4 Nd5 66. Nc5 Nc3 67. Nd7 Nd5 68. Kf2 g4 69. fxg4+ Kxg4 70. Nxf6+ Nxf6 71. Bxf6 e4 {Accuracy: White = 46%, Black = 50%.} 1/2-1/2

[Event "Lozovatsky Memorial-B 2019"]
[Site "Chelyabinsk"]
[Date "2019.01.12"]
[Round "1.7"]
[White "Radzhabov, Rodion"]
[Black "Kholopov, Alexander A."]
[Result "0-1"]
[WhiteElo "2329"]
[BlackElo "2211"]
[Annotator "TA"]
[PlyCount "102"]
[EventDate "2019.01.12"]
[EventType "tourn"]
[EventCountry "RUS"]
[SourceTitle "playchess.com"]
[Source "ChessBase"]
[SourceQuality "1"]

{[%evp 14,102,19,-1,0,9,11,-17,-8,-6,-4,-54,-35,-56,-31,-47,22,22,25,14,26,24,38,43,38,36,37,43,71,30,48,17,32,29,81,41,120,83,77,21,83,66,159,155,229,108,278,271,182,57,57,57,57,-29,-51,-55,-83,-95,-76,-79,-18,-95,-97,-143,-92,-119,-96,-132,-97,-139,-117,-206,-213,-229,-216,-284,-245,-264,-239,-214,-210,-685,-813,-812,-811,-796,-789,-1099,-1050,-29975,-29965]} 1. e4 c5 2. Nf3 Nc6 3. Bb5 Qb6 4. Nc3 e6 5. O-O Nge7 6. a4 {B30: Sicilian: 2...Nc6 3 Bb5, lines without ...g6} (6. Re1 Nd4 7. Ba4 a6 8. d3 Nec6 9. Bf4 Qd8 10. Nd5 d6 11. Bg5 Qa5 12. Nxd4 cxd4 13. Bxc6+ bxc6 14. b4 Qa4 {1-0 (27) Bacrot,E (2696)-Lazarev,V (2362) Balagna 2017}) 6... a6 7. Bc4 Ng6 8. d3 {LiveBook: 3 Games. The position is equal.} Be7 9. Ne2 O-O 10. c3 $146 ({Predecessor:} 10. d4 cxd4 11. Nfxd4 Qc7 12. Ba2 b6 13. c3 Bb7 {½-½ (30) Escandell Mari,J (2278)-Garcia Paolicchi,R (2200) Catalunya 2013}) 10... Rd8 11. Ba2 d5 12. Qc2 Qc7 13. Be3 b6 14. Rad1 Bb7 (14... Bd6 $15) 15. exd5 $11 exd5 16. d4 c4 17. Bb1 Bc8 18. Ne5 Bd6 19. f4 Nf8 20. Ng3 Ne7 21. Rde1 f6 22. Bc1 Ra7 23. Qe2 Bd7 (23... Neg6 $11 {remains equal.}) 24. Bc2 Qc8 (24... Be8 $14) 25. Qf3 Be8 26. h4 ({Better is} 26. Ng4 $16) 26... Bb8 (26... Kh8 $1 $11 {keeps the balance.}) 27. Ng4 $16 Nfg6 ({Black should play} 27... b5 $14) 28. f5 $1 {[%cal Rf5g6]} Nf8 (28... Nxh4 $16 {might work better.} 29. Nxf6+ Kh8) 29. Ne2 (29. h5 $1 $18 {is the precise move to win.}) 29... Bf7 $2 {[#]} (29... Kh8 $16) 30. h5 $1 $18 {[%mdl 512]} h6 {[#]} (30... Bxh5 31. Nxf6+) 31. Nf4 (31. Bxh6 $1 $18 {[%mdl 512] Black must now prevent Nxf6+!} gxh6 32. Nxf6+ Kg7 33. Qe3) 31... Bxf4 $1 $14 32. Qxf4 {aiming for Nxh6+!} Nh7 33. Nxh6+ (33. Qg3 $14 Kh8 34. Qh4) 33... gxh6 $11 34. Qxh6 Kh8 $1 35. Rf3 Rg8 36. Qf4 Ng5 (36... Bxh5 $2 37. Rh3 $18) (36... Qb8 $17) 37. Rfe3 (37. Rg3 $1 $11 {was the only way to keep the balance.}) 37... Qf8 $17 38. Kf2 Qg7 (38... Bxh5 $2 39. Rh1 $18) (38... Nc8 $142 39. Qh4 Nd6) 39. Rg3 (39. Rxe7 $2 Nh3+ $1 {[%mdl 512]} 40. Ke2 Rxe7+ $19) 39... Rd7 (39... Bxh5 $2 40. Rh1 $18) 40. Ree3 Qf8 (40... Bxh5 41. Re1 $15) 41. h6 Nc8 {[%cal Be7c8,Bc8d6,Bd6e4,Be4g3][%mdl 32]} (41... Qxh6 $2 42. Rh3 $1 $18 {[%mdl 512]}) 42. h7 (42. Qh4 $17) 42... Rg7 $19 (42... Nxh7 43. Qh4 $15) (42... Kxh7 43. Rh3+ $1 {[%mdl 512]} Kg7 44. Reg3 $15) 43. Qb8 Rd8 $1 (43... Rxh7 44. Rxg5 $1 {[%mdl 512]} fxg5 45. Qe5+ Kg8 46. f6 $17) (43... Kxh7 44. Re6 $1 $11 {[%mdl 512]}) 44. Qc7 Nd6 {Threatens to win with ...Bg6.} ({Don't play} 44... Rxh7 45. Rxg5 fxg5 46. Qe5+ Kg8 47. f6 $17) 45. Qxb6 Nge4+ ({But not} 45... Kxh7 46. Kg1 $19) 46. Bxe4 Rxg3 ({And not} 46... Nxe4+ {[#]} 47. Rxe4 $1 {[%mdl 512]} Rd6 48. Qc7 $11) 47. Rxg3 $2 (47. Kxg3 Nxe4+ 48. Kh2) 47... Nxe4+ 48. Kg1 Nxg3 49. Qxf6+ Kxh7 50. Bg5 Re8 {Hoping for ...Ne4.} 51. Bh6 Re1+ {Precision: White = 33%, Black = 41%.} 0-1

[Event "Lozovatsky Memorial-B 2019"]
[Site "Chelyabinsk"]
[Date "2019.01.12"]
[Round "1.8"]
[White "Frolov, Ivan"]
[Black "Sitnikov, Anton"]
[Result "0-1"]
[WhiteElo "2210"]
[BlackElo "2410"]
[Annotator "TA"]
[PlyCount "106"]
[EventDate "2019.01.12"]
[EventType "tourn"]
[EventCountry "RUS"]
[SourceTitle "playchess.com"]
[Source "ChessBase"]
[SourceQuality "1"]

{[%evp 26,106,33,29,51,-18,62,30,52,56,38,56,71,82,78,23,104,97,99,104,139,34,31,47,57,27,16,-85,-77,-78,-76,-88,-69,-125,-112,-136,-110,-98,-90,-85,-64,-91,-64,-100,-72,-103,-39,-50,-21,-65,0,-130,-130,-146,-130,-258,-251,-248,-218,-314,-298,-439,-435,-432,-403,-433,-433,-489,-479,-450,-442,-495,-445,-1668,-1623,-1529,-1552,-29983,-29984,-3516,-2287,-29992,-29993]} 1. e4 d6 2. d4 Nf6 3. Nc3 Nbd7 4. Nf3 e5 5. Bc4 Be7 6. O-O O-O 7. Re1 c6 8. a4 exd4 9. Nxd4 Ne5 10. Bf1 Re8 11. h3 Ng6 {C50: Hungarian Defence and Giuoco Pianissimo} (11... Qc7 12. Bf4 Ng6 13. Bh2 Bf8 14. Qd2 Bd7 15. f4 Rad8 16. Kh1 c5 17. Nf3 Bc6 18. Nd5 Bxd5 19. exd5 {½-½ (35) Bacrot,E (2696)-Kunin,V (2551) Minsk 2017}) 12. Be3 Bf8 13. Bd3 $146 ({Predecessor:} 13. Bc4 Qa5 14. Bd2 Qc5 15. a5 Qxc4 16. Ra4 Qc5 {0-1 (16) Mammadzada,G (2336)-Arakhamia Grant,K (2393) Kutansi 2015}) 13... Bd7 14. f4 {[%cal Bf2f4,Bf4f5][%mdl 32] LiveBook: 3 Games} b6 15. g4 (15. Nf3 $14) 15... h6 (15... d5 $11) 16. Nf3 a6 17. f5 Ne5 18. Nxe5 dxe5 19. g5 hxg5 20. Bxg5 Bc5+ (20... Be7 $11 {remains equal.}) 21. Kh2 $1 $16 Qe7 22. Qf3 b5 23. Ne2 (23. Qg3 $1 $16) 23... Qd6 $14 24. Rad1 {And now Bxb5 would win.} Nh7 $1 {[%cal Rh7g5]} 25. Bc1 {Hoping for Bxb5.} Qe7 26. Rg1 (26. Qg3 $11 {keeps the balance.}) 26... Bxg1+ $17 27. Rxg1 Kh8 28. Qh5 Rg8 $1 29. Bg5 (29. Rg4 $15 g5 30. h4 gxh4 31. Rxh4) 29... f6 30. Be3 {[#]} Be8 $1 {[%cal Re8h5]} 31. Qh4 g5 32. Qf2 Qg7 33. Qe1 Nf8 34. Qc3 Rb8 35. a5 Qh6 ({Black should try} 35... Rc8 $17 36. Qc5 Nd7) 36. Rg3 Rb7 37. Qc5 Rh7 (37... Qh7 $15) 38. Ng1 {[#]} (38. Qb6 $11) 38... Qg7 $1 39. b4 Qc7 40. Kg2 (40. Qb6 $17 {keeps fighting.}) 40... Nd7 $19 41. Qc3 Bh5 42. Kf2 {[#]} (42. Qe1 $142) 42... c5 $1 43. h4 (43. Nf3 $142) (43. bxc5 Rc8) 43... gxh4 44. Rxg8+ Kxg8 45. bxc5 Nb8 46. c6 Qxc6 47. Qd2 Kh8 48. c4 bxc4 49. Bxc4 (49. Qb4 $142 Qc8 50. Bxc4) 49... Qxc4 50. Qd8+ Kg7 51. Qxb8 Qc2+ 52. Ke1 Qxe4 53. Qb7+ Qxb7 {Accuracy: White = 26%, Black = 58%.} 0-1

[Event "Lozovatsky Memorial-B 2019"]
[Site "Chelyabinsk"]
[Date "2019.01.12"]
[Round "1.9"]
[White "Remizov, Yaroslav"]
[Black "Ponomariov, Valeriy"]
[Result "1/2-1/2"]
[WhiteElo "2357"]
[BlackElo "2378"]
[Annotator "TA"]
[PlyCount "115"]
[EventDate "2019.01.12"]
[EventType "tourn"]
[EventCountry "RUS"]
[SourceTitle "playchess.com"]
[Source "ChessBase"]
[SourceQuality "1"]

{[%evp 17,115,0,1,-16,-8,-4,-15,-53,-32,-88,-95,-81,-97,-116,-111,-106,-106,-121,-104,-112,-117,-122,-114,-107,-122,-118,-123,-110,-110,-98,-113,-115,-120,-126,-125,-148,-130,-135,-132,-153,-156,-152,-150,-229,-229,-225,-225,-222,-216,-175,0,-239,-228,-235,-221,-224,-193,-284,-284,-277,-271,-275,-258,-258,-241,-229,-250,-241,-156,-220,-214,-179,-147,-236,-235,-219,-25,-25,-25,-25,-22,-45,-8,-8,-8,-25,0,0,0,0,0,-80,0,0,0,-80,0,0,0,0]} 1. e4 e5 2. Nf3 Nc6 3. Nc3 Nf6 4. Be2 d5 5. exd5 Nxd5 6. O-O Nxc3 7. bxc3 e4 {C47: Scotch Four Knights and Four Knights with 4 g3} 8. Ne1 Bd6 9. f3 Bf5 {LiveBook: 15 Games} (9... f5 10. fxe4 fxe4 11. Rb1 Qe7 12. d4 exd3 13. cxd3 Bd7 14. Rxb7 O-O-O 15. Rb2 {1-0 (29) Van Foreest,J (2629)-Giri,A (2752) Amstelveen 2017}) 10. Rb1 O-O 11. fxe4 Bxe4 {White must now prevent ...Qh4.} 12. Bf3 $146 ({Predecessor:} 12. Nf3 Qe7 13. d4 Rae8 14. Bd3 f5 15. Ng5 Na5 16. Bd2 h6 17. Nh3 b6 18. Qh5 {½-½ (18) Vorobiov,E (2569)-Henderson de la Fuente,L (2412) Riga 2017}) 12... Qe7 (12... Qh4 $5 13. g3 $8 Bxf3 14. Nxf3 Qc4 $11) 13. Rxb7 (13. d4 $15) 13... Bc5+ $1 $17 14. Kh1 Bb6 $1 15. Ba3 Bxf3 $1 ({And not} 15... Qxa3 16. Bxe4 Qa6 17. Nd3 $14 (17. Qf3 Ne5 $11)) 16. Qxf3 Qxa3 17. Qxc6 {[#]} Qc1 $1 {...Rae8 is the strong threat.} 18. Qc4 Qxd2 19. Nf3 {[%cal Be1f3,Bf3d4,Bd4c6][%mdl 32]} Qd6 20. Nd4 Rad8 21. Nc6 Qe6 22. Qxe6 fxe6 {[%cal Rf8f1]} 23. Rxf8+ Rxf8 {[%cal Rf8f1][%mdl 4096] Endgame KRB-KRN} 24. h4 Rf4 {[%cal Rf4h4]} 25. g3 Rf1+ 26. Kg2 Rf2+ {[%mdl 64] Double Attack} 27. Kh3 Rxc2 28. Nd8 Rxc3 29. Nxe6 h6 30. a4 (30. Nf4 $17 {was worth a try.}) 30... Kf7 $19 31. Nf4 {[#]} Rc5 $1 32. Nd3 Rd5 33. Nb2 Rc5 (33... Ke6 $142 34. Nc4 Rc5 35. Nxb6 axb6) 34. Nd3 Ra5 35. Nb2 Kf6 36. Kg2 h5 37. Kf3 (37. Rb8 $142) 37... Rf5+ 38. Ke4 Re5+ 39. Kf4 Rd5 40. Kf3 Rc5 41. Nd3 Rc3 42. Ke2 Rc2+ 43. Kf1 (43. Kd1 $17 Ra2 44. Nf4) 43... Ra2 44. Nf4 Rxa4 45. Nd5+ (45. Nxh5+ $17 Kf5 46. Nxg7+ Kg4 47. Rb8) 45... Kg6 46. Nxc7 Re4 $2 (46... Ra1+ $19 47. Kg2 Ra2+ 48. Kh3 Bxc7 49. Rxc7 a5 50. Rc6+ Kh7) 47. Nd5 $11 Bd4 48. Nf4+ Kf5 49. Nxh5 g6 50. Nf4 Kg4 51. Kg2 Be5 52. Nxg6 Bxg3 53. Rxa7 Re2+ 54. Kf1 (54. Kg1 $11) 54... Re1+ (54... Rf2+ $17 55. Kg1 Rf6 56. Ra4+ Kh3) 55. Kg2 Re2+ ({Black should play} 55... Re4 $11) 56. Kf1 $17 Re6 (56... Rf2+ $17 57. Kg1 Rf6 58. Ra4+ Kh3) 57. Ra4+ $11 Kh3 {[%csl Gg3][%cal Re6e1]} 58. Nf4+ {Accuracy: White = 63%, Black = 74%.} 1/2-1/2

[Event "Lozovatsky Memorial-B 2019"]
[Site "Chelyabinsk"]
[Date "2019.01.12"]
[Round "1.10"]
[White "Nugumanov, Bakhtiyar"]
[Black "Mischuk, Dmitry"]
[Result "1-0"]
[WhiteElo "2391"]
[BlackElo "2357"]
[Annotator "TA"]
[PlyCount "111"]
[EventDate "2019.01.12"]
[EventType "tourn"]
[EventCountry "RUS"]
[SourceTitle "playchess.com"]
[Source "ChessBase"]
[SourceQuality "1"]

{[%evp 9,111,14,33,19,19,18,30,27,41,10,30,29,38,35,62,39,53,57,62,52,63,52,55,55,70,60,114,111,143,144,172,172,210,209,254,224,229,212,242,232,250,245,256,250,270,273,268,242,242,235,244,156,156,153,153,153,182,172,182,182,182,182,175,175,352,352,344,344,337,337,330,240,445,445,513,212,502,502,480,480,450,430,1584,1562,1371,1197,29965,29967,29961,29962,6652,6800,6520,6341,29959,10567,29978,29979,29982,29980,29980,29979,29971,7157]} 1. e4 e5 2. Nf3 Nc6 3. Bc4 Nf6 4. d3 h6 5. Nbd2 g6 {LiveBook: 10 Games} (5... d6 6. c3 g6 7. Bb3 Bg7 8. Nc4 Be6 9. O-O O-O 10. Re1 Re8 11. a4 a5 12. h3 Qd7 13. Ne3 d5 14. exd5 Nxd5 {½-½ (44) Wan,Y (2499)-Yu,Y (2759) Hangzhou 2018}) 6. a4 $146 {C55: Two Knights: 4 d3, 4 d4 exd4 5 e5 and Max Lange Attack} ({Predecessor:} 6. Bb5 d6 7. c3 Bg7 8. d4 Nd7 9. Nc4 O-O 10. O-O Ncb8 11. Ne3 c6 12. Bc4 Qe7 13. dxe5 dxe5 {0-1 (62) Krakops,M (2525)-Howell,D (2528) Oslo 2008}) 6... Bg7 7. O-O O-O 8. Re1 {White has an edge.} d6 9. Nf1 Nh5 10. c3 Kh7 11. Ne3 Rb8 12. a5 Bd7 13. d4 b6 14. axb6 axb6 15. dxe5 Nxe5 16. Nxe5 Bxe5 17. g3 Bg7 ({Black should play} 17... b5 $14 18. Be2 Ng7) 18. Nf5 $1 $16 {[%mdl 64] [#] Deflection} gxf5 19. Qxh5 {[%mdl 64] Double Attack} Qf6 20. Ra7 fxe4 21. Rxc7 Rbc8 22. Rxc8 Rxc8 23. Bd5 ({Not} 23. Rxe4 Rxc4 24. Rxc4 Qe6 $11) 23... Re8 24. Rxe4 Rxe4 25. Bxe4+ Kg8 26. Qd5 Bf8 27. Be3 b5 28. Bd4 Qe6 29. Qa8 Qb3 30. Qa1 $40 {[%mdl 128] Black is in trouble.} Bg7 31. Bxg7 Kxg7 32. Qc1 Be6 33. Qd2 Bh3 34. Bd5 ({Inferior is} 34. Qxd6 Qxb2 35. Qd4+ Kg8 $11) 34... Qa4 {( -> ...Qa1+)} 35. Qd4+ Qxd4 36. cxd4 $18 {[%mdl 4096] Endgame KB-KB} Kf6 $2 (36... b4 37. f4 Bd7) 37. b4 Be6 38. Bc6 Bc4 39. f3 Ke6 40. Bb7 f5 $2 (40... Bd5 41. Bc8+ Kf6) 41. Kf2 Kd7 42. d5 (42. Ke3 $142 Kc7 43. Ba8) 42... Ke7 $2 (42... f4 {was called for.} 43. Bc6+ (43. gxf4 Ke7 $18) 43... Ke7 44. gxf4 Kf7) 43. Ke3 Kf6 44. Kf4 Kg6 45. h4 h5 (45... Bd3 $142 46. Ba6 Kf6) 46. Bc6 Kf6 47. Bd7 Bd3 48. Be8 Bc4 49. Bxh5 Bxd5 50. Be8 Bc4 51. g4 fxg4 52. fxg4 {[%cal Bf3g4,Bg4g5][%mdl 32]} d5 53. h5 {[%cal Bh4h5,Bh5h6][%mdl 32] White mates.} d4 54. g5+ Ke7 55. h6 Bd3 {[#]} 56. Bxb5 $1 {[%mdl 512] Accuracy: White = 77%, Black = 21%.} 1-0

[Event "Lozovatsky Memorial-B 2019"]
[Site "Chelyabinsk"]
[Date "2019.01.13"]
[Round "2.6"]
[White "Tologontegin, Semetey"]
[Black "Mischuk, Dmitry"]
[Result "0-1"]
[WhiteElo "2385"]
[BlackElo "2357"]
[Annotator "TA"]
[PlyCount "114"]
[EventDate "2019.01.12"]
[EventType "tourn"]
[EventCountry "RUS"]
[SourceTitle "playchess.com"]
[Source "ChessBase"]
[SourceQuality "1"]

{[%evp 21,114,22,33,-59,-53,-86,-58,-62,-51,-50,-45,-60,-55,-55,-50,-62,-46,-53,-54,-74,-68,-97,-90,-92,-93,-95,-65,-98,-93,-148,-143,-126,-139,-208,-211,-222,-208,-224,-212,-227,-216,-222,-203,-220,-191,-208,-170,-175,-168,-176,-170,-186,-139,-138,-115,-123,-106,-210,-195,-195,-195,-235,-223,-270,-255,-261,-262,-280,-287,-393,-239,-335,-326,-335,-327,-292,-292,-424,-431,-420,-443,-435,-427,-413,-305,-428,-379,-950,-950,-1184,-1200,-933,-1022,-883,-832]} 1. Nf3 Nf6 2. g3 g6 3. Bg2 Bg7 4. d4 d5 5. O-O O-O 6. c4 c6 7. Qb3 Qb6 8. Nc3 Rd8 9. Rd1 {D78: Fianchetto Grünfeld: 6 0-0 c6} (9. Bd2 Be6 10. Na4 Qxb3 11. axb3 Nbd7 12. Rfc1 Ne4 13. Bb4 Nd6 14. e3 dxc4 15. bxc4 Nxc4 16. Bxe7 Re8 {½-½ (102) Rapport,R (2725)-Jones,G (2677) Douglas 2018}) 9... Bf5 10. Ne1 Qxb3 11. axb3 Na6 {LiveBook: 7 Games} 12. c5 {[#]} ({White should play} 12. cxd5 $14 cxd5 13. Nd3) 12... e5 $146 {[%mdl 512]} ({Predecessor:} 12... Nb4 13. Bf4 Nd7 14. Ra4 Nc2 15. Nxc2 Bxc2 16. Rd2 Bxb3 {1-0 (30) Gabuzyan,H (2571)-Chu,R (2267) chess.com INT 2018}) 13. e3 (13. dxe5 Ng4) 13... e4 14. Bd2 Bg4 15. Rdc1 Nc7 16. Ra4 a6 17. Bf1 Rf8 18. Na2 Rae8 (18... Bf5 {seems wilder.} 19. Nc3 Ne6 20. h3 h5 21. h4 Bh6) 19. Ba5 Re7 20. Bxc7 Rxc7 21. Rb4 Bc8 22. Nc3 g5 23. Ra4 h6 24. Ra3 Ne8 25. Na4 (25. Kh1 $142) 25... f5 $17 26. Nb6 {[#]} Be6 $1 27. Bh3 (27. f4 $17 {might work better.}) 27... Rcf7 $19 28. Nc2 Nc7 29. Rf1 Kh7 30. Raa1 Kg6 31. Na4 h5 {[%cal Bh6h5,Bh5h4][%mdl 32]} 32. Nc3 h4 33. Ne2 Rh8 34. Bg2 Ne8 35. f4 exf3 36. Bxf3 Bf6 {[%cal Bg7f6,Bf6d8,Bd8c7][%mdl 32]} 37. Ne1 Bd8 38. Nd3 Bc7 39. Rf2 (39. Ne5+ $17 {was worth a try.} Bxe5 40. dxe5) 39... Re7 40. gxh4 Rxh4 41. Rg2 Bc8 42. Kf2 Kf6 ({Much less strong is} 42... Bxh2 43. Rh1 $17) 43. Ng3 Reh7 44. Rh1 Ng7 45. Kg1 g4 46. Bd1 (46. Be2 $142) 46... Ne6 47. Ne2 Rh3 48. Ng3 Ng5 49. Nf4 (49. Nf1 {is a better defense.}) 49... Bxf4 50. exf4 Ne6 51. Ne2 Rd3 52. Bc2 Re3 53. Rf2 (53. h3 $142) 53... Rhh3 54. Kg2 $2 {[#]} (54. Kf1) 54... Rxe2 $1 {[%mdl 576] Remove Defender, Deflection, Decoy. Black is clearly winning.} 55. Rxe2 Nxf4+ {[%mdl 64] Double Attack} 56. Kf1 Nxe2 57. Kxe2 f4 {Accuracy: White = 42%, Black = 70%.} 0-1

[Event "Lozovatsky Memorial-B 2019"]
[Site "Chelyabinsk"]
[Date "2019.01.13"]
[Round "2.7"]
[White "Ponomariov, Valeriy"]
[Black "Nugumanov, Bakhtiyar"]
[Result "0-1"]
[WhiteElo "2378"]
[BlackElo "2391"]
[Annotator "TA"]
[PlyCount "106"]
[EventDate "2019.01.12"]
[EventType "tourn"]
[EventCountry "RUS"]
[SourceTitle "playchess.com"]
[Source "ChessBase"]
[SourceQuality "1"]

{[%evp 19,106,35,54,22,22,17,21,19,24,-8,4,0,-11,-12,-14,-74,-76,-75,-54,-59,-61,-62,-45,-139,-15,-36,-41,-100,-97,-345,-98,-206,-203,-213,-209,-202,-207,-179,-142,-212,-200,-196,-183,-314,-257,-259,-268,-272,-288,-270,-282,-290,-295,-332,-317,-363,-358,-303,-178,-517,-502,-503,-501,-499,-287,-294,-302,-302,-152,-162,0,0,-10,-147,-135,-151,-141,-252,-249,-342,-340,-418,-419,-460,-450,-472,-459,-528,-511]} 1. d4 e6 2. c4 f5 3. g3 Nf6 4. Bg2 c6 5. Nc3 d5 6. Bf4 Be7 7. Nf3 O-O 8. O-O Ne4 9. Qc2 {A95: Classical Dutch: Classical Stonewall: 7 Nc3 c6} Nd7 10. Rad1 Qe8 {LiveBook: 3 Games} (10... g5 11. Be3 Nd6 12. b3 Bf6 13. Bc1 Rf7 14. Ba3 Ne4 15. Nxe4 fxe4 16. Ne5 Nxe5 17. dxe5 {½-½ (44) Eljanov,P (2723)-Rapport,R (2671) Biel 2015 CBM 168 [Roiz,M]}) 11. Ne5 {White is slightly better.} Nxe5 12. Bxe5 {[%cal Rc3e4]} Nd6 13. b3 Bd7 $146 ({Predecessor:} 13... dxc4 14. bxc4 Nxc4 15. Bf4 Bd7 16. e4 g5 {0-1 (40) Liang,A (2496)-Shachar,E (2374) Caleta 2017}) 14. Qd3 Nf7 15. Bf4 b5 16. h3 Rc8 17. g4 (17. Rb1 $11) 17... fxg4 18. hxg4 bxc4 19. bxc4 Nd6 20. Bxd6 Bxd6 21. e4 (21. e3 $15) 21... e5 (21... dxc4 $17 22. Qxc4 Bf4) 22. exd5 {And now Ne4 would win.} exd4 23. Rde1 (23. Ne4 $15 Bf4 24. Rfe1) 23... Qd8 $1 $40 {[%cal Rd8h4][%mdl 128] Black goes for the king.} 24. Qxd4 $2 (24. c5 $17 {was worth a try.} Bxc5 25. Ne4) 24... c5 $2 (24... Qh4 $19 {[%csl Gd6][%cal Rh4h2] has better winning chances.} 25. Re5 Bxe5 26. Qxe5 Qxg4) 25. Qd3 (25. Qe3 $17 {is a better defense.}) 25... Bxg4 $19 26. Ne4 Bf4 $1 27. Ng3 Qh4 28. Qc3 Rf7 29. Re4 (29. d6 $17 Kh8 30. Qd3) 29... Rcf8 $1 30. Rfe1 Bd6 31. R1e2 (31. Rxg4 $142 Qxg4 32. Ne4) 31... Qg5 32. Rb2 h5 33. Re6 Bxe6 34. dxe6 Rf4 {[%cal Bf7f4,Bf4d4,Bd4d1,Bd1c1][%mdl 32]} 35. Re2 {If only White now had time for e7....} Rd4 36. Ne4 Qe5 37. Qh3 Rd1+ 38. Bf1 {[#]} Be7 (38... Rf3 $142 $1 {[%mdl 512]} 39. Qh4 (39. Qxf3 Qh2#) 39... Rf4 40. Qd8+ Rf8) 39. Nc3 $2 (39. Ng3 Qg5 40. Qxh5) 39... Qg5+ 40. Kh1 Rc1 41. Nd5 {Now Re5! and White clings on.} g6 (41... Bd6 $142 {( -> ...Rxf1+!)} 42. f4 Rxf4 43. Nxf4 Qxf4) 42. Qg2 Qh4+ $1 ({Not} 42... Rxc4 43. Qxg5 Bxg5 44. e7 $17) 43. Kg1 Kh7 ({Inferior is} 43... Rxc4 44. Qxg6+ Kh8 45. Qh6+ Kg8 46. f4 $11) (43... Kg7 $19 44. Re4 Qg5 45. Qxg5 Bxg5) 44. Re4 $17 {[#]} Qg5 $2 (44... Rxf1+ $1 $19 {[%mdl 512]} 45. Kxf1 Rxf2+ $1 {[%mdl 512]} 46. Qxf2 Qh1+ 47. Qg1 Qxe4 48. Nxe7 Qxc4+ 49. Kg2 Qe4+ 50. Kf1 Qb1+ 51. Kf2 Qb2+ 52. Kg3 Qe5+ 53. Kf3 Qf6+ 54. Ke2 Qxe7) 45. Qxg5 $11 Bxg5 46. Nc7 (46. f4 $11) 46... Be7 $17 47. Nd5 Re8 48. Rf4 {[#]} (48. Re3 $17) 48... Kh6 $1 $19 49. Kg2 Re1 50. Bd3 Bg5 51. Rf7 R8xe6 {Black is clearly winning.} 52. Rxa7 Rd1 53. Ra3 Rd2 {Precision: White = 25%, Black = 61%.} 0-1